| Tag |
First Indicator |
Second Indicator |
Subfields |
| LEADER |
00000cam a2200000I 4500 |
| 001 |
in00002338457 |
| 005 |
20151108051431.0 |
| 008 |
800411s1760 fr 000 0 fre d |
| 029 |
1 |
|
|a NLGGC
|b 196355079
|
| 029 |
1 |
|
|a NLGGC
|b 145038513
|
| 035 |
|
|
|a (OCoLC)ocm06192706
|
| 040 |
|
|
|a COO
|c COO
|d TXA
|d UtOrBLW
|
| 049 |
|
|
|a TXAM
|
| 090 |
|
|
|a PQ2011
|b .A12 1760
|
| 100 |
1 |
|
|a Montesquieu, Charles de Secondat,
|c baron de,
|d 1689-1755.
|
| 245 |
1 |
3 |
|a Le génie de Montesquieu.
|
| 264 |
|
1 |
|a Amsterdam :
|b Arkstée & Merkus,
|c 1760.
|
| 300 |
|
|
|a 256 pages ;
|c 17 cm.
|
| 336 |
|
|
|a text
|b txt
|2 rdacontent
|
| 337 |
|
|
|a unmediated
|b n
|2 rdamedia
|
| 338 |
|
|
|a volume
|b nc
|2 rdacarrier
|
| 500 |
|
|
|a Extracts from Montesquieu's works. Cf. Avertissement.
|
| 500 |
|
|
|a Editorship attributed to A. Deleyre. Cf. Bibl. nat. Catalogue général des livres impr.
|
| 700 |
1 |
|
|a Deleyre, Alexandre,
|d 1726-
|
| 910 |
|
|
|a tp3107
|
| 994 |
|
|
|a 02
|b TXA
|
| 999 |
|
|
|a MARS
|
| 999 |
f |
f |
|s 156206a8-bdef-35b9-9ba3-cec10d4a1da2
|i 11ce368e-6ef7-3df0-af61-0b4c893f976c
|t 0
|
| 952 |
f |
f |
|p noncirc
|a Texas A&M University
|b College Station
|c Cushing Memorial Library & Archives
|d Cushing: Dawson French (Does not check out)
|t 0
|e PQ2011 .A12 1760
|h Library of Congress classification
|i unmediated -- volume
|
| 998 |
f |
f |
|a PQ2011 .A12 1760
|t 0
|l Cushing: Dawson French (Does not check out)
|